000 01058nam a22002177a 4500
003 OSt
005 20161117150748.0
008 140214b2016 slv spa
040 _cBMC
082 _a425.07
100 1 _940431
_aSerrano López, Karla María
245 1 0 _aCurso básico de inglés dirigido a niños y adultos en Centro de Formación Docente sede Santa Ana
_b: proyecto
_cKarla María Serrano López, Velkis Nabil Rosales López
260 _aSanta Ana (El Salvador)
_bUniversidad Católica de El Salvador
_c2016
300 _a1 vol. (pág. var.)
_bil. col
_c27 cm
_e+ 1 disco compacto
500 _aPrecede al tít.: Universidad Católica de El Salvador, Facultad de Ciencias y Humanidades
502 _aPara optar al grado académico de Licenciatura en Ciencias de la Educación con Especialidad en Idioma Inglés
650 2 4 _917614
_aLengua inglesa
_xGramática
_xEnseñanza
700 1 _940432
_aRosales López, Velkis Nabil
710 2 _91075
_aUniversidad Católica de El Salvador
_bFacultad de Ciencias y Humanidades
942 _2ddc
_cTG
999 _c26497
_d26497